| 000 | 01384nab a2200277 4500 | ||
|---|---|---|---|
| 003 | AR-RoBPED | ||
| 005 | 20260422120255.0 | ||
| 008 | 260422b |||||||| |||| 00| 0 spa d | ||
| 040 | _aAR-RoBPED | ||
| 041 | _aspa | ||
| 100 | 1 |
_aFernández Marchesi, Nancy E. _930785 _eDoctora en Investigación en la Enseñanza y el Aprendizaje de las Ciencias Experimentales |
|
| 245 | 1 | 3 | _aEl diseño de actividades prácticas de laboratorios para promover las habilidades de investigación / |
| 260 |
_aBuenos Aires : _bNoveduc, _c2024 |
||
| 300 | _a2-9 p. | ||
| 500 | _aLas autoras presentan algunas recomendaciones para el abordaje de las actividades prácticas de laboratorio desde un enfoque de investigación basado en historias de la ciencia que tienen como protagonistas a poblaciones habitualmente individualizadas o en situaciones social o políticamente críticas. | ||
| 650 | 0 |
_aPRÁCTICAS _925092 |
|
| 650 | 7 |
_aINVESTIGACION _9345 |
|
| 650 | 7 |
_aHISTORIA DE LAS CIENCIAS _98532 |
|
| 650 | 0 |
_aPROPUESTA DIDÁCTICA _922005 |
|
| 650 | 7 |
_aLABORATORIOS _912186 |
|
| 650 | 7 |
_aACTIVIDADES PRACTICAS _918351 |
|
| 700 | 1 |
_aRodriguez, Elizabeth _930786 _eDocente de Biología |
|
| 773 | 0 |
_020414 _941866 _dBuenos Aires : Noveduc, 1993- _tNovedades Educativas _w(AR-RoBPED)20414 _x03283534 |
|
| 942 |
_2udc _cREV _h37(05) _mNov 86 N° 398 (Sept.2024) _ak.32599 |
||
| 945 | _amar 04//2026 | ||
| 999 |
_c32599 _d32599 |
||